Normal view
MARC view
- MACKIE, DAN
Entry Personal Name
001 - CONTROL NUMBER
- control field: 57177
003 - CONTROL NUMBER IDENTIFIER
- control field: NUST
005 - DATE AND TIME OF LATEST TRANSACTION
- control field: 20210628201852.0
008 - FIXED-LENGTH DATA ELEMENTS
- fixed length control field: 210628|| aca||aabn | a|a d
040 ## - CATALOGING SOURCE
- Original cataloging agency: NUST
- Transcribing agency: NUST
100 ## - HEADING--PERSONAL NAME
- Personal name: MACKIE, DAN
670 ## - SOURCE DATA FOUND
- Source citation: Work cat.: (NUST): MACKIE, DAN, ENGINEERING MANAGEMENT OF CAPITAL PROJECTS ,A PRACTICAL GUIDE, 1984
